Essentials of bio-organic chemistry
Αποθηκεύτηκε σε:
| Κύριος συγγραφέας: | |
|---|---|
| Μορφή: | Βιβλίο |
| Γλώσσα: | English |
| Δημοσίευση: |
London :
Edward Arnold,
1984
|
| Θέματα: | |
| Ετικέτες: |
Προσθήκη ετικέτας
Δεν υπάρχουν, Καταχωρήστε ετικέτα πρώτοι!
|
MARC
| LEADER | 00000nam a2200000 i 4500 | ||
|---|---|---|---|
| 001 | 1/65857 | ||
| 008 | 931015s1984 eng d | ||
| 020 | |a 0-7131-3500-X | ||
| 035 | |l 10001627 | ||
| 040 | |a GR-MY-UA |b gre |e aacr | ||
| 041 | 0 | |a eng | |
| 082 | 0 | |a 574.192 | |
| 100 | 1 | |a Hanson, R. W. | |
| 245 | 1 | 0 | |a Essentials of bio-organic chemistry / |c R. W. Hanson |
| 260 | |a London : |b Edward Arnold, |c 1984 | ||
| 300 | |a viii, 208 p.; |b ill.; |c 24 cm | ||
| 504 | |a Includes bibliographical references and index | ||
| 650 | 0 | 0 | |a Bioorganic chemistry. |
| 852 | |a INST |b LESVOS |e 19931015 |h 574.192 HAN |p 005100005986 |q 005100005986 |t BK |y 0 | ||
| 909 | |a Λ |b 012293 | ||